| 000 | 00577nam a22001817a 4500 | ||
|---|---|---|---|
| 999 |
_c188490 _d188490 |
||
| 005 | 20220525110350.0 | ||
| 010 | _aENG-132802 | ||
| 020 |
_a978-9381632-47-5 _c700.00 |
||
| 035 | _aEN-116334 | ||
| 037 | _bDBAD/PUB | ||
| 082 | _a305.4095452 | ||
| 100 | _aSharma Vijay Kumar | ||
| 245 |
_aChanging face of Rural Women in Himachal Himalayas/ _cVijay Kumar Sharma |
||
| 260 |
_aNew Delhi _bSatyam Publishing House _c2013 |
||
| 270 |
_bNew Delhi _aN-3/25, Mohan Garden, Uttam Nagar _e110059 |
||
| 300 |
_a188p _c22cm(hbk) |
||
| 942 |
_2ddc _cEN _h305.4095452 _mSHA |
||